| 000 | 03231nam a2200325 a 4500 | ||
|---|---|---|---|
| 003 | CHAP | ||
| 005 | 20231128182055.0 | ||
| 007 | ta | ||
| 008 | 231128s2021 sp ado|fr|||| 001 0 spa d | ||
| 020 | _a978-84-608-1985-1 | ||
| 040 |
_amxchpua _cCHAP _erda |
||
| 050 | 1 | 0 |
_aTS192 _b.G37 2021 |
| 082 | 0 | 0 |
_a658.202 _bG37 2021 _220 |
| 100 | 1 | 0 |
_9188303 _aGarcía Garrido, Santiago _eautor |
| 245 | 1 | 0 |
_aGuía para la elaboración de planes de mantenimiento / _cSantiago, García Garrido |
| 250 | _a1a edición | ||
| 264 |
_aMadrid, España : _bRenovetec, _c2021 |
||
| 300 |
_a219 páginas : _bilustraciones, gráficas, diagramas, tablas, fotos |
||
| 336 |
_2rdacontent _atexto _btxt |
||
| 337 |
_2rdamedia _asin medio _bn |
||
| 338 |
_2rdacarrier _avolumen _bnc |
||
| 490 | 1 |
_aGuías Técnicas IRIM (RENOVETEC) _vGuía 2 |
|
| 505 | _g1. LA ELABORACIÓN DEL PLAN DE MANTENIMIENTO -- LA NECESIDAD DE ELABORAR UN PLAN DE MANTENIMIENTO -- LA PÉRDIDA DE PRODUCCIÓN POR UN MAL MANTENIMIENTO -- QUÉ ES UN PLAN DE MANTENIMIENTO -- TAREAS DE MANTENIMIENTO -- Frecuencia -- Especialidad -- Duración -- LA AGRUPACIÓN DE TAREAS EN GAMAS-- FORMAS DE ELABORAR UN PLAN DE MANTENIMIENTO -- ERRORES AL ELABORAR UN PLAN DE MANTENIMIENTO -- 2. ASPECTOS PREVIOS A TENER EN CUENTA -- OBJETIVOS QUE SE PRETENDEN -- LA MEDICIÓN DE OBJETIVOS: LOS INDICADORES DE MANTENIMIENTO -- POLÍTICA DE EXTERNALIZACIÓN DE MANTENIMIENTO -- CONOCIMIENTO DE LOS EQUIPOS Y SISTEMAS DE LA INSTALACIÓN -- ESTRATEGIA DE MANTENIMIENTO -- 3. TÉCNICAS PARA LA ELABORACIÓN DEL PLAN DE MANTENIMIENTO -- INSTRUCCIONES DE FABRICANTES -- PLAN BASADO EN PROTOCOLOS GENÉRICOS DE MANTENIMIENTO -- PLAN BASADO ANÁLISIS DE FALLOS POTENCIALES -- 4. LOS PROTOCOLOS DE MANTENIMIENTO -- TAREAS DE MANTENIMIENTO -- TAREAS Y PROCEDIMIENTO DE REALIZACIÓN -- LA FORMA DE DESCRIBIR LAS TAREAS LA DETERMINACIÓN DE LAS TAREAS: EL PROTOCOLO MAESTRO -- 5. FASES EN LA ELABORACIÓN DE UN PLAN DE MANTENIMIENTO -- VISIÓN GENERAL DE LAS FASES DEL PROCESO -- FASE 1: DECISIONES PREVIAS -- FASE 2: ELABORACIÓN DE LOS PROTOCOLOS DE MANTENIMIENTO -- LA ELABORACIÓN DE LA ESTRUCTURA JERÁRQUICA -- 6. EL MANTENIMIENTO CONDUCTIVO -- QUÉ ES EL MANTENIMIENTO CONDUCTIVO -- TAREAS QUE INCLUYE EL MANTENIMIENTO CONDUCTIVO -- LAS INSPECCIONES SENSORIALES -- LAS LECTURAS O TOMAS DE DATOS -- 7. MANTENIMIENTO POR REQUIRIMIENTOS LEGALES -- LA IMPORTANCIA DEL MANTENIMIENTO LEGAL -- LA RESPONSABILIDAD DE TITULAR DE LA INSTALACIÓN -- FORMAS DE ABORDAR EL MANTENIMIENTO LEGAL -- RESUMEN DE EQUIPOS SOMETIDOS A MANTENIMIENTO LEGAL -- | ||
| 520 | 2 | _aIRIM, el Instituto RENOVETEC de Ingeniería de Mantenimiento, ha publicado la GUÍA 2: ELABORACIÓN DE PLANES DE MANTENIMIENTO, una completa guía que trata de indicar, paso a paso, como elaborar el plan de mantenimiento en un amplio rango de instalaciones. | |
| 650 | 1 | 3 |
_9146987 _aEquipo, mantenimiento y reparación _xManuales |
| 650 | 1 | 3 |
_9146986 _aEquipment, maintenance and repair _xManuals, textbooks, etc |
| 830 |
_9188339 _aGuías Técnicas IRIM (RENOVETEC) |
||
| 942 | _2ddc | ||
| 942 | _cLIBRO | ||
| 999 |
_c219465 _d219465 |
||